عرض عادي
عرض مارك
- علم المكتبات
مدخل مصطلح موضوعي
001 - رقم الضبط
- حقل الضبط: 63193
003 - معرف رقم الضبط
- حقل الضبط: OSt
005 - تاريخ ووقت أخر عملية
- حقل الضبط: 20180427133822.0
008 - عناصر بيانات ثابتة الطول
- حقل تحكم ثابت الطول: 180427|| aca||aabn | a|a d
040 ## - مصدر الفهرسة
- هيئة الفهرسة الأصلية: OSt
- وكالة الكتابة: OSt
150 ## - مدخل-- مصطلح تاريخي
- عنصر مدخل المصطلح الموضوعي او الاسم الجغرافي: علم المكتبات
- تفريع شكلي: دوريات
670 ## - بيانات المصدر موجوده
- الاستشهاد بالمصدر: Work cat.: (OSt): مظهر، منيرة محمد 63191, تأثير ما وراء البيانات علي كفاءة استرجاع مقالات الدوريات الالكترونية العربية /, 2018.
